| 000 | 00706nam a22002417a 4500 | ||
|---|---|---|---|
| 003 | dpl | ||
| 005 | 20180914161110.0 | ||
| 008 | 180914b xxu||||| |||| 00| 0 eng d | ||
| 010 | _aA-324315 | ||
| 020 |
_a0091734568 _c0.00 |
||
| 035 | _aA-324315 | ||
| 040 |
_aDPL _bEN _c0 |
||
| 082 |
_a796.33 _bSTJ |
||
| 100 | _aJohn, lan St | ||
| 245 |
_aSaint and greavsie football book / _cby Lan St John [and] Jimmy Greaves |
||
| 260 |
_aLondon _bStanley paul _c1987 |
||
| 270 |
_aBrookmount house, 62-65 chandos place covent garden _bLondon |
||
| 300 |
_a127p.: _c25cm |
||
| 700 | _aGreaves, Jimmy | ||
| 700 | _aPatience, Bob | ||
| 700 | _aTebbit, Jake | ||
| 942 |
_2ddc _cEN _h796.33 _mSTJ |
||
| 999 |
_c157507 _d157507 |
||